000 00381nam a22001697a 4500
005 20160514144846.0
008 160514b xxu||||| |||| 00| 0 eng d
020 _a81-203-2072-7
041 _aeng
082 _b2326
100 _aRichard H. Hall
_9642
245 _aOrganizations
260 _aNew Delhi
_bPHI,
_c2002
300 _a318
650 _aManagement
_9241
942 _cBK
999 _c841
_d841